Normal view
MARC view
- Supervisors Brig. Dr. Nasir Rashid Dr. Umar Shahbaz Khan
Entry Personal Name
001 - CONTROL NUMBER
- control field: 71461
003 - CONTROL NUMBER IDENTIFIER
- control field: NUST
005 - DATE AND TIME OF LATEST TRANSACTION
- control field: 20210628204635.0
008 - FIXED-LENGTH DATA ELEMENTS
- fixed length control field: 210628|| aca||aabn | a|a d
040 ## - CATALOGING SOURCE
- Original cataloging agency: NUST
- Transcribing agency: NUST
100 ## - HEADING--PERSONAL NAME
- Personal name: Supervisors Brig. Dr. Nasir Rashid Dr. Umar Shahbaz Khan
670 ## - SOURCE DATA FOUND
- Source citation: Work cat.: (NUST): Muhammad Saifullah Mudassir Maqsood Khan Hafsa Ahmed 71459, PR-SOF-1777-DESIGN AND FABRICATION OF A SEMI AUTONOMOUS SOLAR PANEL CLEANING ROBOT, 2019
